Personnalités au hasard #42 - Statistiques

Statistiques générales
  • Ce quiz a été pris 172 fois
  • Le résultat moyen est 9 sur 32
Statistiques - réponses
Par images Réponse % Correct
Patrick Fiori
87%
Thierry Ardisson
78%
Matthieu Chedid
70%
Roselyne Bachelot
67%
Laurence Ferrari
55%
Carlos
52%
Thierry Beccaro
52%
David Trezeguet
51%
Laurent Gerra
49%
Jean-Luc Delarue
48%
Marc-Olivier Fogiel
38%
Steevy Boulay
31%
Jean-Michel Larqué
27%
Alain Soral
26%
Alain Bashung
25%
Quentin Dupieux
23%
Pascal Sevran
21%
Viktor Orbán
18%
Frank Michael
17%
Raymond Barre
17%
Olivia Colman
11%
Yannick
10%
Jean Tiberi
9%
Myriam El Khomri
7%
Clément d'Antibes
6%
Roger Lemerre
6%
Nathalie Rihouet
3%
Leiji Matsumoto
2%
Darryl Pandy
1%
David Sanborn
1%
Delphine Horvilleur
1%
Natasha Shneider
1%
Aucun quiz correspondant
Distribution des résultats
% des personnes avec chaque résultat
Percentile par nombre de réponses
Votre historique - résultats
Vous n’avez pas pris ce quiz